000 00393nam a2200145Ia 4500
008 230312s9999||||xx |||||||||||||| ||und||
020 _a969 8961-01-1
082 _a340.145491
_bMAN
245 0 _aManual of University Laws in Pakistan
260 _bIQRA University
_aKarachi
_c2006
300 _a733
546 _aEng.
650 _aLaw
_vHigher education commission ordinance,2002
942 _cBK
999 _c4882
_d4882